ARRUPE JESUIT UNIVERSITY

CORONAVIRUS -STOP THE SPREAD - CLEAN,DISINFECT,COVER
Normal view MARC view

Entry Personal Name

Number of records used in: 1

001 - CONTROL NUMBER

  • control field: 49127

003 - CONTROL NUMBER IDENTIFIER

  • control field: ARRUPE

005 - DATE AND TIME OF LATEST TRANSACTION

  • control field: 20200129102311.0

008 - FIXED-LENGTH DATA ELEMENTS

  • fixed length control field: 200129|| aca||aabn | a|a d

040 ## - CATALOGING SOURCE

  • Original cataloging agency: ARRUPE
  • Transcribing agency: ARRUPE

100 ## - HEADING--PERSONAL NAME

  • Personal name: Victoria,
  • Titles and other words associated with a name: Empress, consort of Frederick III, German Emperor,
  • Dates associated with a name: 1840-1901
  • General subdivision: Correspondence.

670 ## - SOURCE DATA FOUND

  • Source citation: Work cat.: (ARRUPE)0: Victoria, Queen of Great Britain, 1819-1901. 48982, Dearest Mama:, 1968.

 

Arrupe Library. PO Box MP320 Mt Pleasant, Harare, Zimbabwe
263 242 745411|librarian@aju.ac.zw